Wszystkie pojazdy w Snowrunner - Statystyki

Ogólne statystyki
  • Ten quiz został rozwiązany 8 razy
  • Średni wynik to 53 z 110
Statystyki odpowiedzi
Pojazdy % Poprawnych
ANK MK38
100%
ANK MK38 W WERSJI CYWILNEJ
100%
Aramatsu Forester
100%
Azov 42-20 Antarctic
100%
Azov 43-191 "Sprinter"
100%
Azov 64131
100%
Azov 67096 "Atom"
100%
Caterpillar 745C
100%
Caterpillar 770G
100%
Caterpillar TH357
100%
Chevrolet Apache
100%
Chevrolet CK1500
100%
Jeep Wrangler
100%
KHAN 39 Marshall
100%
KHAN Lo4F
100%
Land Rover Defender 110
100%
Land Rover Defender 90
100%
Mack TerraPro
100%
TUZ 16 "Actaeon"
100%
TUZ 420 "Tatarin"
100%
ZiKZ 605R
100%
ZiKZ 612H
100%
AAC-58DW
67%
AVENHORN A15
67%
Azov 5319
67%
Burlak 6x6
67%
Caterpillar CT680
67%
Caterpillar CT681
67%
Chevrolet Kodiak C70
67%
DON 71
67%
Ford F 750
67%
KRS 58 "Bandit"
67%
Neo Falcon 2000
67%
Rezvani Hercules 6x6
67%
Rezvani Tank
67%
Scout 800
67%
Step 39331 "Szczupak"
67%
Tatra FORCE T815-7
67%
Tayga 6436
67%
TUZ 166
67%
Western Star 6900XD
67%
YAR 87
67%
Ankatra 1160
33%
Azov 73210
33%
BOAR 45318
33%
DAN 96320
33%
EarthRoamer LTi
33%
EarthRoamer SX
33%
FEMM 37-AT
33%
Fleetstar F2070A
33%
Ford CLT9000
33%
Freightliner 117SD
33%
Freightliner FLD 120
33%
Freightliner M916A1
33%
GMC Brigadier 8000
33%
GMC MH9500
33%
Gor BY-4
33%
Hummer H2
33%
International HX 520
33%
International Loadstar 1700
33%
International Paystar 5070
33%
International Paystar 5600TS
33%
International Transtar 4070A
33%
Jeep CG-7 Renegade
33%
Kenworth 963
33%
Kenworth C500
33%
Kenworth T880
33%
KHAN 317 Sentinel
33%
Kirowiec K-700
33%
Kirowiec K-7M
33%
KOLOB 74760
33%
Mack Defense M917
33%
Mack Pinnacle
33%
Pacific P12
33%
Pacific P16
33%
Padera STD-4
33%
Royal BM17
33%
Step 310E
33%
Step 33-64 "Krokodyl"
33%
Tatra 805
33%
Tatra PHOENIX
33%
Tatra T813
33%
Tayga 6455B
33%
TUZ 108 "Warthog"
33%
Voron AE-4380
33%
Voron D-53233
33%
Voron Grad
33%
Western Star 47X NF 1424
33%
Western Star 47X NF 1430
33%
Western Star 49X
33%
Western Star 57X
33%
Western Star 6900 TwinSteer
33%
White Western Star 4964
33%
ZiKZ 5368
33%
ZiKZ 566A
33%
Derry Longhorn 3194
0%
Derry Longhorn 4520
0%
Derry Special 15C-177
0%
Futom 7290RA
0%
HIB Billert 1980
0%
Kenworth W990
0%
KOLOB 74941
0%
Mercer K520
0%
MTB 8106 (Rock Grinder)
0%
Navistar 5000-MV
0%
Pacific P512 PF
0%
PLAD 440 "BUDDY"
0%
PLAD 540
0%
Sleiter ST 816 "Słoń"
0%
Sleiter ST 833 "Chimera"
0%
Nie znaleziono quizów pasujących do podanych kryteriów
Rozkład punktacji
Procent ludzi z każdym wynikiem
Percentyl według liczby udzielonych odpowiedzi
Twoja historia wyników
Nie rozwiązałeś tego quizu